<?xml version="1.0" encoding="UTF-8"?>
<collection xmlns="http://www.loc.gov/MARC21/slim">
 <record>
  <leader>01357nam a22002057a 4500</leader>
  <controlfield tag="001">NCT_135222</controlfield>
  <controlfield tag="008">220604b        xxu||||| |||| 00| 0 vie d</controlfield>
  <datafield tag="999" ind1=" " ind2=" ">
   <subfield code="c">6975</subfield>
   <subfield code="d">6975</subfield>
  </datafield>
  <datafield tag="020" ind1=" " ind2=" ">
   <subfield code="a">9786046318231</subfield>
   <subfield code="c">95000</subfield>
  </datafield>
  <datafield tag="082" ind1="0" ind2="4">
   <subfield code="2">23rd ed.</subfield>
   <subfield code="a">291.1</subfield>
   <subfield code="b">H107</subfield>
  </datafield>
  <datafield tag="100" ind1="1" ind2=" ">
   <subfield code="a">Thích Nhất Hạnh</subfield>
  </datafield>
  <datafield tag="245" ind1="1" ind2="0">
   <subfield code="a">Bàn tay cũng là hoa</subfield>
   <subfield code="c">Thích Nhất Hạnh</subfield>
  </datafield>
  <datafield tag="250" ind1=" " ind2=" ">
   <subfield code="a">Tái bản lần 3</subfield>
  </datafield>
  <datafield tag="260" ind1=" " ind2=" ">
   <subfield code="a">Tp.Hồ Chí Minh</subfield>
   <subfield code="b">Phương Đông</subfield>
   <subfield code="c">2016</subfield>
  </datafield>
  <datafield tag="300" ind1=" " ind2=" ">
   <subfield code="a">336 tr.</subfield>
   <subfield code="c">21 cm</subfield>
  </datafield>
  <datafield tag="520" ind1="3" ind2=" ">
   <subfield code="a">Cuốn sách miêu tả lại đời sống xã hội, làm thơ và tổ chức bình thơ là tập quán và thú vui bổ ích đối với những người yêu thích thơ văn, đặc biệt là thơ, nhất là vào các dịp lễ trọng của nhân dân ta. đời sống xã hội, làm thơ và tổ chức bình thơ là tập quán và thú vui bổ ích đối với những người yêu thích thơ văn, đặc biệt là thơ, nhất là vào các dịp lễ trọng của nhân dân ta.</subfield>
  </datafield>
  <datafield tag="653" ind1=" " ind2=" ">
   <subfield code="a">tham khảo</subfield>
  </datafield>
  <datafield tag="942" ind1=" " ind2=" ">
   <subfield code="2">ddc</subfield>
   <subfield code="c">BK</subfield>
  </datafield>
  <datafield tag="952" ind1=" " ind2=" ">
   <subfield code="0">0</subfield>
   <subfield code="1">0</subfield>
   <subfield code="2">ddc</subfield>
   <subfield code="4">0</subfield>
   <subfield code="6">291_100000000000000_H107</subfield>
   <subfield code="7">0</subfield>
   <subfield code="9">24888</subfield>
   <subfield code="a">000001</subfield>
   <subfield code="b">000001</subfield>
   <subfield code="d">2022-06-04</subfield>
   <subfield code="o">291.1 H107</subfield>
   <subfield code="p">TK.00455</subfield>
   <subfield code="r">2022-06-04</subfield>
   <subfield code="v">95000.00</subfield>
   <subfield code="w">2022-06-04</subfield>
   <subfield code="y">BK</subfield>
  </datafield>
  <datafield tag="980" ind1=" " ind2=" ">
   <subfield code="a">Thư viện Trường Đại học Nam Cần Thơ</subfield>
  </datafield>
 </record>
</collection>
